000 01076cam a2200265 i 4500
001 121299
005 20230404125640.0
008 151029b0000 fr a 000 0 fre
041 _aspa
050 1 4 _aCD F
049 _aGRAL
245 0 0 _aPlan estratégico para el impulso nacional y posicionamiento mundial de la República Dominicana :
_bResumen ejecutivo /
_cBelow the Group.
260 _a[s.l. :
_bs.n.,
_c2011].
300 _a[33 h.];
_c21x30 cm.
500 _aPublicaciones del Foro Marca País 2011, organizado por el CEI-RD en fechas del 28-29 de abril en Santo Domingo.
505 0 _aEstrategia Marca País (EMP). -- Claves de la Estrategia Marca País. -- Breve análisis de la República Dominicana. -- Nuestra propuesta.
650 4 _aCompetitividad
_zRepública Dominicana.
650 4 _aImagen y diseño corporativo
_zRepública Dominicana.
650 4 _aMarca País
_zRepública Dominicana
710 1 _aBelow the Group
711 2 _aForo Marca País 2011
_d(28-29 abril :
_nSanto Domingo)
942 _2lcc
_ccd
994 _aC0
_bDRFGD
946 _ash
999 _c1861
_d1861